| 000 | 00986nam0a22002291i 4500 | ||
|---|---|---|---|
| 001 | rc\3787959 | ||
| 005 | 20240726083838.0 | ||
| 021 |
_aRU _b[75-16635а] |
||
| 035 | _a(NLR Aleph) 007239229 | ||
| 090 |
_a7751501 _c7751501 |
||
| 100 | _a20120311d1975 |||y0rusy50 ca | ||
| 101 | 0 | _arus | |
| 102 | _aRU | ||
| 105 | _ay d ||||| | ||
| 200 | 1 |
_aИз истории формирования и развития лингвостилистики в России _e(По материалам критич. статей конца XVIII - первой половины XIX вв.) _eАвтореф. дис. на соиск. учен. степени канд. филол. наук _e(10.02.01) _fСамарк. гос. ун-т им. Алишера Навои |
|
| 210 |
_aСамарканд _d1975 |
||
| 215 | _a25 с. | ||
| 700 | 1 |
_aСмолякова _bС.С. _gСветлана Семеновна |
|
| 801 | 0 |
_aRU _bNLR _gpsbo |
|
| 801 | 1 |
_aRU _bELAR _2rusmarc |
|
| 852 |
_aNLR _j75-4/19985 |
||
| 942 | _cBOOK | ||